| 000 | 00937cab a22002055a 4500 | ||
|---|---|---|---|
| 001 | L143427 | ||
| 008 | 080508e20080502xxkd f 000 0 eng d | ||
| 035 | _a(Sirsi) u143427 | ||
| 041 | 0 | _aeng | |
| 100 | 1 | _aEade, Christine | |
| 245 | 0 | 0 |
_aRegional report _bSouth West |
| 260 | _c2008 | ||
| 490 | 0 |
_aProperty Week _v73(18) 2 May 2008, 109-121(8) |
|
| 520 | _aReports on news and deals from around the region, including how a development company is attracting investment to Plymouth. Looks at retail and housing development in St Austell, delays to plans to develop two science parks in the region, proposals to redevelop former metal casting town Hayle. Also reports on how new housing for local people instead of holidaymakers is expected to revive Newquay. | ||
| 590 | _aKA | ||
| 651 | 4 |
_aSouth West (England) _y1994- |
|
| 690 | _aPROPERTY-COMMERCIAL PROPERTY-COMMERCIAL PROPERTY MARKET | ||
| 700 | 1 | _aHeap, Richard | |
| 942 | _n0 | ||
| 999 |
_c80169 _d80169 |
||